| 000 | 00410cam a2200169ua 4500 | ||
|---|---|---|---|
| 020 | _cRs 5.00 | ||
| 041 |
_ahin _h |
||
| 082 |
_a891.43 _bRAJ/HA |
||
| 100 | _aRajendra Singh, Gowda . | ||
| 245 |
_aHamara Kavi / _cRajendra Singh Gowda. _hTextual Documents |
||
| 260 |
_a : _bSahitya Bhavan , _c1954. |
||
| 300 | _a270 ; . | ||
| 365 | _aRs 5.00 | ||
| 504 | _a | ||
| 942 | _cBK | ||
| 999 |
_c2535 _d2535 |
||